ბათუმის შოთა რუსთაველის სახელმწიფო უნივერსიტეტის ბიბლიოთეკა

Programming in C / (ბიბ.ჩანაწერი № 41179)

000 -LEADER
fixed length control field 00639nam a2200229Ia 4500
001 - CONTROL NUMBER
control field 7830
003 - CONTROL NUMBER IDENTIFIER
control field GE_BSU
005 - DATE AND TIME OF LATEST TRANSACTION
control field 20221116110750.0
008 - FIXED-LENGTH DATA ELEMENTS--GENERAL INFORMATION
fixed length control field 181216s2005en xx |||||||||||||| ||eng||
020 ## - INTERNATIONAL STANDARD BOOK NUMBER
International Standard Book Number 0672326663 x
040 ## - CATALOGING SOURCE
Transcribing agency GE_BSU
041 ## - LANGUAGE CODE
Language code of text/sound track or separate title eng
080 ## - UNIVERSAL DECIMAL CLASSIFICATION NUMBER
Universal Decimal Classification number 004.4 K-66
100 ## - MAIN ENTRY--PERSONAL NAME
Personal name Stephen, G.Kochan.
9 (RLIN) 14829
245 ## - TITLE STATEMENT
Title Programming in C /
Statement of responsibility, etc. G. Kochan. Stephen,
264 ## - PRODUCTION, PUBLICATION, DISTRIBUTION, MANUFACTURE, AND COPYRIGHT NOTICE
Place of production, publication, distribution, manufacture USA,
Date of production, publication, distribution, manufacture, or copyright notice 2005.
300 ## - PHYSICAL DESCRIPTION
Extent 543 p.:
Other physical details Ill;
Dimensions 23 cm.
653 ## - INDEX TERM--UNCONTROLLED
keyword Programming in C
653 ## - INDEX TERM--UNCONTROLLED
keyword პროგრამირება C-ში
653 ## - INDEX TERM--UNCONTROLLED
keyword კომპიუტერული პროგრამები
942 ## - ADDED ENTRY ELEMENTS (KOHA)
Koha item type წიგნი
Source of classification or shelving scheme
ეგზემპლარები
Withdrawn status Lost status Source of classification or shelving scheme Damaged status Not for loan Permanent Location Current Location Shelving location Date acquired Cost, normal purchase price Full call number Barcode Date last seen Copy number Price effective from Koha item type Public note
          ბათუმის შოთა რუსთაველის სახელმწიფო უნივერსიტეტის მთავარი ბიბლიოთეკა ბათუმის შოთა რუსთაველის სახელმწიფო უნივერსიტეტის მთავარი ბიბლიოთეკა წიგნსაცავი 2018-12-17 82.00 004.4 K-66 24187 2018-12-17 24187 2018-12-17 წიგნი 82 gel.